Veľa peňazí, málo start-upov

Start-upy na Slovensku. Vhodné podmienky na vznik a rozvoj nových nápadov. Investori ochotní podporiť začínajúce projekty. Problém s kvalitou projektov. Fond inovácií a technológií.

Salvato in:
Dettagli Bibliografici
Autore principale: Andacký, Jozef
Natura: Capitolo di libro
Lingua:slovacco
Soggetti:
Tags: Aggiungi Tag
Nessun Tag, puoi essere il primo ad aggiungerne!!

MARC

LEADER 00000naa a2200000 4500
001 0210106
005 20231113104234.9
041 0 |a slo 
044 |a SK 
245 1 0 |a Veľa peňazí, málo start-upov  |c Jozef Andacký 
520 |a Start-upy na Slovensku. Vhodné podmienky na vznik a rozvoj nových nápadov. Investori ochotní podporiť začínajúce projekty. Problém s kvalitou projektov. Fond inovácií a technológií. 
610 2 0 |a start-up 
610 2 0 |a inovácia 
610 2 0 |a technológie nové 
610 2 0 |a technológie informačné 
610 2 0 |a podnikanie 
610 2 0 |a financie 
610 2 0 |a investície 
100 1 |a Andacký, Jozef